000 00573nam a2200205 a 4500
005 20140311163005.0
008 040806s19uu xx 00 eng d
020 _a0-534-59706-8
050 _aP 90
_b.B489 2003
100 _aBiagi, Shirley
245 _aMass media impact :
_ban introduction to mass media./
_cShirley Biagi.
250 _a6th. ed.
260 _aAustralia :
_bThomsom Wadsworth,
_c2003.
300 _a388 p. :
_bill. col. ;
_c28 cm.
500 _aIncludes index.
521 _aMC
650 _aMass media.
942 _cBK
_2lcc
_kFOR
999 _c39311
_d39311